Powiaty w Polsce na literę M - Statystyki

Ogólne statystyki
  • Ten quiz został rozwiązany 88 razy
  • Średni wynik to 12 z 17
Statystyki odpowiedzi
Odpowiedź % Poprawnych
Mysłowice
84%
mrągowski
79%
myślenicki
79%
myszkowski
79%
milicki
77%
miechowski
73%
mikołowski
73%
myśliborski
73%
malborski
71%
mielecki
71%
mławski
71%
międzyrzecki
68%
makowski
64%
międzychodzki
64%
miński
63%
mogileński
61%
moniecki
57%
Nie znaleziono quizów pasujących do podanych kryteriów
Rozkład punktacji
Procent ludzi z każdym wynikiem
Percentyl według liczby udzielonych odpowiedzi
Twoja historia wyników
Nie rozwiązałeś tego quizu